000 00736nam a22001937a 4500
005 20120203150229.0
008 120203t xxu||||| |||| 00| 0 eng d
020 _a8120316193
_c150.00
035 _aA-999484
040 _aDPL
_bENG
100 _aSasikumar, M
_940730
245 _aIntroduction to parallel processing /
_cby M. Sasikumar, Dinesh Shikhare and P. Ravi Prakash
260 _aNew Delhi
_bPrentice-Hall of India
_c2000
300 _avii, 266p.
_c18 cms.
700 _aShikhare, Dinesh
_940731
700 _aPrakash, P. Ravi
_940732
942 _2ddc
_cEN
_h004.35
_mSAS
999 _c61919
_d61919